00321nam a2200145Ia 4500008004100000041000800041245003500049260002200084300000700106365001000113500000800123520001200131650001300143999001900156230605s2000 xx 000 0 und d aeng aManagement Information System bZerox Copy c2000 a96 b36.96 a180 aGeneral aComputer c418239d418239